Music Quiz

Random Music or Song Quiz
Score 0/20 Timer 06:00
1 Play Today
Question Answer Wrong Answers
''Ooh, now my _____ is starting to quiver,
and the palms of my hands getting wet.''
Fool In The Rain - Led Zeppelin
body
66.1%
heart
13%
mind
2.9%
soul
2.5%
''Love Game intuition play the cards with spades to start,
and after he's been hooked, I'll play the one that's on his _____.''
Poker Face - Lady Gaga
heart
64.1%
body
3%
mind
16.2%
soul
1.7%
''I don't care if it hurts. I want to have control.
I want a perfect body. I want a perfect _____.''
Creep - Radiohead
soul
62.9%
body
7.6%
heart
3.7%
mind
10.4%
''My hands are tied. My _____ bruised.
She got me with nothing to win and nothing left to lose.''
With Or Without You - U2
body
58.9%
heart
18.6%
mind
2.4%
soul
5.2%
''See the west wind move like a lover so, upon the fields of barley.
Feel her _____ rise when you kiss her mouth among the fields of gold.''
Fields Of Gold - Sting
body
58.5%
heart
12.8%
mind
1.5%
soul
11.3%
''There's a fire starting in my _____,
reaching a fever pitch, and it's bringing me out the dark.''
Rolling In The Deep - Adele
heart
58.2%
body
3.4%
mind
2.6%
soul
21.7%
''I look inside myself and see my _____ is black.
I see my red door. I must have it painted black.''
Paint It Black - The Rolling Stones
heart
57.2%
body
2.2%
mind
4.7%
soul
21.1%
''And as we wind on down the road,
our shadows taller than our _____.''
Stairway To Heaven - Led Zeppelin
soul
56.5%
body
19.6%
heart
3.5%
mind
5.1%
''Now that she's back from that _____ vacation,
tracing her way through the constellation, hey, hey, hey.''
Drops Of Jupiter - Train
soul
56.2%
body
4.7%
heart
3.8%
mind
19.9%
''Pools of sorrow, waves of joy are drifting through my open _____,
possessing and caressing me.''
Across The Universe - The Beatles
mind
50.7%
body
4.5%
heart
18.5%
soul
10.4%
''And you've just had some kind of mushroom,
and your _____ is moving low.''
White Rabbit - Jefferson Airplane
mind
50.5%
body
19.3%
heart
8.8%
soul
5.9%
''Well, open up your _____, and see like me.
Open up your plans, and damn, you're free.''
I'm Yours - Jason Mraz
mind
48.5%
body
2%
heart
32%
soul
2.6%
''If my _____ was on fire,
Oh, you'd watch me burn down in flames.''
Grenade - Bruno Mars
body
46.4%
heart
27.2%
mind
2%
soul
9.8%
''Questions of science, science and progress,
do not speak as loud as my _____.''
The Scientist - Coldplay
heart
45.4%
body
3.3%
mind
21.7%
soul
14.3%
''Well I took a walk around the world to ease my troubled mind.
I left my _____ lying somewhere in the sands of time.''
Kryptonite - 3 Doors Down
body
42.6%
heart
22.5%
mind
8.5%
soul
11%
''Oh, mirror in the sky, what is love?
Can the child within my _____ rise above?
Landslide - Stevie Nicks
heart
42.5%
body
13.6%
mind
12.2%
soul
16.5%
''You're gonna catch a cold
from the ice inside your _____.''
Jar Of Hearts - Christina Perri
soul
41%
body
2.7%
heart
40.3%
mind
1.5%
''A summer's disregard, a broken bottle top,
and a one man's _____.''
Man In The Mirror - Michael Jackson
soul
36%
body
8.1%
heart
28.1%
mind
12.2%
''Though his _____ is not for rent,
don't put him down as arrogant.''
Tom Sawyer - Rush
mind
33.2%
body
20.9%
heart
21.1%
soul
9.2%
''And you know that she will trust you,
for you've touched her perfect body with your _____.''
Suzanne - Leonard Cohen
mind
26.2%
body
5.1%
heart
20.5%
soul
32.4%
Remove Ads.
Support Sporcle.
Get the best of Sporcle when you Go Orange. This ad-free experience offers more features, more stats, and more fun while also helping to support Sporcle. Thank you for becoming a member.

You're not logged in!

Compare scores with friends on all Sporcle quizzes.
OR
Log In

Show Comments

Extras

Top Quizzes Today


Score Distribution

Your Account Isn't Verified!

In order to create a playlist on Sporcle, you need to verify the email address you used during registration. Go to your Sporcle Settings to finish the process.

Report this User

Report this user for behavior that violates our Community Guidelines.

Details: